000 00743nam a2200205Ia 4500
003 GCL
008 140319s9999 xx 000 0 ara d
040 _aGCL /
_cGCL
082 0 4 _a355.70973
_bج ا
100 1 _aفاطمة نصر
245 1 0 _aامريكا العظمى :
_bاحزان الامبراطورية - القناع والحقيقة /
_cفاطمة نصر
700 1 _aجونسون، تشالمرز
260 _aالقاهرة :
_bسطور ،
_c2006
300 _a480 ص ؛
_c24 سم
650 0 4 _aالامبريالية
650 0 4 _aالولايات المتحدة الامريكية - تاريخ
650 0 4 _aالقواعد الحربية
650 0 4 _aالقواعد الحربية الامريكية
942 _2ddc
_cBK
999 _c8715
_d8715